Tārīkh-i Kishvarhā-yi Muttaḥidah-i Amrikā, (Record no. 47536)

MARC details
000 -LEADER
fixed length control field 00657cam a22002051 4500
001 - CONTROL NUMBER
control field ne 64002749
003 - CONTROL NUMBER IDENTIFIER
control field DLC
005 - DATE AND TIME OF LATEST TRANSACTION
control field 20260227111806.0
008 - FIXED-LENGTH DATA ELEMENTS--GENERAL INFORMATION
fixed length control field 870129s1951 ir abch 000 0 perr
010 ## - LIBRARY OF CONGRESS CONTROL NUMBER
LC control number ne 64002749
035 ## - SYSTEM CONTROL NUMBER
System control number (OCoLC)23580515
040 ## - CATALOGING SOURCE
Original cataloging agency DLC
Transcribing agency MiU
Modifying agency DLC
042 ## - AUTHENTICATION CODE
Authentication code premarc
050 00 - LIBRARY OF CONGRESS CALL NUMBER
Classification number E178
Item number .A558
100 1# - MAIN ENTRY--PERSONAL NAME
Personal name ʻĀmirī, Sulṭān Muḥammad,
Dates associated with a name 1892 or 1893-
245 10 - TITLE STATEMENT
Title Tārīkh-i Kishvarhā-yi Muttaḥidah-i Amrikā,
Statement of responsibility, etc. taʼlīf Salṭan Muḥammad ʻĀmirī.
260 ## - PUBLICATION, DISTRIBUTION, ETC.
Place of publication, distribution, etc. [Tihrān]
Name of publisher, distributor, etc. Chāp-i Tabān
Date of publication, distribution, etc. [muqaddamah 1951]
300 ## - PHYSICAL DESCRIPTION
Extent 27, 331 p.
Other physical details illus., facsim., maps, ports.
Dimensions 25 cm.
651 #0 - SUBJECT ADDED ENTRY--GEOGRAPHIC NAME
Geographic name United States
General subdivision History

No items available.

Powered by Koha